| 000 | 00362nam a2200145Ia 4500 | ||
|---|---|---|---|
| 008 | 230917s9999||||xx |||||||||||||| ||und|| | ||
| 040 |
_e156732 _aMAIN |
||
| 041 | _aEnglish | ||
| 082 | _a820.09 G959E | ||
| 100 | _aGupta, R S | ||
| 245 | 0 | _aEnglish in India: Issues and problems | |
| 260 |
_aDelhi _bAcademic Foundation _c1991 |
||
| 300 | _a320 p. | ||
| 942 | _cBK | ||
| 999 |
_c69720 _d69720 |
||